Hardest Star Wars Quiz - Statistics

General Stats
  • This quiz has been taken 668 times
  • The average score is 9 of 45
Answer Stats
Questions Answer % Correct
Boba Fett makes his first movie appearance in which movie? The Empire Strikes Back
92%
When is "Star Wars Day"? May 4th
67%
What was the original last name of the Skywalkers? Starkiller
57%
Whose voice can be heard when Anakin is fighting the Tusken-Raider in Attack of the Clones? Qui-Gon Jinn
53%
Who was Maul's brother? Savage Opress
43%
What does AT-AT stand for? All Terrain Armored Transport
35%
Who was the last one to jump down the Death Star’s garbage chute? Han Solo
35%
What species is Jabba? Hutt
30%
Which famous actor freed Rey in "The Force Awakens"? Daniel Craig
29%
In what year was 'Star Wars" released? 1977
28%
Who played Princess Leia? Carrie Fisher
27%
In the Star Wars saga films, who is surrounded by droids before asking “Do we have a Plan B?” Obi-Wan Kenobi
27%
Which order brought about the death of the Jedi? Order 66
24%
What is Kylo Ren’s real name? Ben Solo
23%
On which planet do we first meet Rey in The Force Awakens? Jakku
23%
In Revenge of the Sith, what is the name of the outer-rim planetoid where Luke & Leia were born? Polis Massa
22%
Who killed Qui-Gon Jinn? Darth Maul
21%
Who built C-3PO? Anakin Skywalker
20%
In Star Wars: A New Hope, at Mos Eisley spaceport, the Millennium Falcon was in which docking bay? 94
18%
What did Luke cut off the Wampa with his lightsaber? Arm
18%
In The Empire Strikes Back, whose call sign on Hoth was Echo 7? Han Solo
18%
How old was Yoda when he died? 900
17%
Who plays Rey? Daisy Ridley
17%
Not counting young Rey’s screams, who’s voice is the first heard in Rey’s force vision after touching Luke’s lightsaber? Yoda
17%
Who did Finn call “Chromedome”? Captain Phasma
14%
Who are the only two characters who appear in every Star Wars Saga (1-9) movie? C-3PO and R2-D2
13%
Which famous extra-terrestrial appeared in "The Phantom Menace"? E.T.
13%
What is the name of the character played by Simon Pegg? Unkar-Plutt
11%
What are the wings on an X-wing also called? S-Foils
10%
Which phrase would you hear in every "Star Wars" movie? "I have a bad feeling about this."
9%
What is the name of the imperial admiral at the beginning of the Empire Strikes Back? Ozzel
9%
Whose podracer blows up on the starting line during the big race? Ben Quadinaros
8%
In The Clone Wars animated film, who conspired with Count Dooku to have Jabba the Hutt’s son Rotta killed? Ziro the Hutt
8%
Who said, “Greed can be a powerful ally.”? Qui-Gon Jinn
6%
In Revenge of the Sith, what actor plays Owen Lars in the movie? Joel Edgerton
4%
Who shot down Anakin and Ahsoka while they were transporting Rota back to Tatooine? MagnaGuards
4%
What did Darth Vader say after Luke fell into the carbonite freezing chamber? "All to easy."
3%
What general was portrayed by Indiana Jones and the Last Crusade actor Julian Glover? General Veers
3%
What creature does Finn share a drink with in Jakku? Happabore
3%
What is the first line uttered by Darth Maul in The Phantom Menace? "Tatooine is sparsely populated."
3%
In what Central American country were the exterior shots of Yavin’s moon filmed? Guatamala
1%
Who is the legendary visual arts guru who brought tauntauns to life in The Empire Strikes Back and headed George Lucas’ creature shop for Return of the Jedi? Phil Tippett
1%
What does Threepio tell Uncle Owen he did at his first job? Programmed Binary Load lifters
1%
What was the name of the Imperial General in command of the base on Scarif in Rogue One? Sotorus Ramda
1%
What holding sector did Admiral Ackbar order Green group to stick close to, during the second Death Star Battle? MV-7
0%
No matching quizzes found
Score Distribution
Percent of People with Each Score
Percentile by Number Answered
Your Score History
You have not taken this quiz